000 00304nam a2200121Ia 4500
008 231129s9999||||xx |||||||||||||| ||spa||
040 _bspa
082 _a891.73 T654m
100 _aTolstoi León
245 0 _aLa muerte de ivan ilich; el diablo; el padre sergio
264 _aSalvat
942 _2ddc
_cBKS
999 _c17661
_d17661